书目信息 |
| 题名: |
电气控制与PLC应用
|
|
| 作者: | 吴春诚 主编 | |
| 分册: | ||
| 出版信息: | 北京 科学出版社 2011 |
|
| 页数: | 195页 | |
| 开本: | 26cm | |
| 丛书名: | ||
| 单 册: | ||
| 中图分类: | TM571.2 , TM571.6 | |
| 科图分类: | ||
| 主题词: | 电气控制--高等职业教育--教材 , 可编程序控制器--高等职业教育--教材 , 电气控制 , 可编程序控制器 | |
| 电子资源: | ||
| ISBN: | 978-7-03-031425-3 | |
| 000 | 01056nam0 2200289 45 | |
| 001 | 1354532718 | |
| 005 | 20130510093126.39 | |
| 010 | @a978-7-03-031425-3@dCNY23.00 | |
| 100 | @a20130108d2011 em y0chiy50 ea | |
| 101 | 0 | @achi |
| 102 | @aCN@b110000 | |
| 105 | @aa z 000yy | |
| 106 | @ar | |
| 200 | 1 | @a电气控制与PLC应用@ADian Qi Kong Zhi Yu PLC Ying Yong@f吴春诚主编@FWu Chun Cheng Zhu Bian |
| 210 | @a北京@c科学出版社@d2011 | |
| 215 | @a195页@c图@d26cm | |
| 300 | @a高职高专制造大类系列规划教材 电气自动化系列 | |
| 330 | @a本书共5个项目、19个工作任务。项目1介绍了继电-接触控制基本知识和基本技能;项目2和项目3以三菱FX系列小型PLC为例介绍了PLC的基本知识、基本指令及其应用;项目4和项目5介绍了PLC功能指令及综合应用。 | |
| 606 | 0 | @a电气控制@x高等职业教育@j教材 |
| 606 | 0 | @a可编程序控制器@x高等职业教育@j教材 |
| 606 | 0 | @a电气控制 |
| 606 | 0 | @a可编程序控制器 |
| 690 | @aTM571.2@v5 | |
| 690 | @aTM571.6@v5 | |
| 701 | 0 | @a吴春诚@AWu Chun Cheng@c(电子技术)@4主编 |
| 801 | @aCN@bTANGWEI@c20130109 | |
| 905 | @b0830667-70@dTM571.2@e29@f4 | |
| 电气控制与PLC应用/吴春诚主编.-北京:科学出版社,2011 |
| 195页:图;26cm |
| 高职高专制造大类系列规划教材 电气自动化系列 |
| ISBN 978-7-03-031425-3:CNY23.00 |
| 本书共5个项目、19个工作任务。项目1介绍了继电-接触控制基本知识和基本技能;项目2和项目3以三菱FX系列小型PLC为例介绍了PLC的基本知识、基本指令及其应用;项目4和项目5介绍了PLC功能指令及综合应用。 |
| ● |
| 相关链接 |
|
|
|
|
正题名:电气控制与PLC应用
索取号:TM571.2/29
 
预约/预借
| 序号 | 登录号 | 条形码 | 馆藏地/架位号 | 状态 | 备注 |
| 1 | 0830667 | 208306670 | 第二样本阅览室/ [索取号:TM571.2/29] | 在馆 | |
| 2 | 0830668 | 208306689 | 第三借阅区/ [索取号:TM571.2/29] | 在馆 | |
| 3 | 0830669 | 208306698 | 第三借阅区/ [索取号:TM571.2/29] | 在馆 | |
| 4 | 0830670 | 208306705 | 第三借阅区/ [索取号:TM571.2/29] | 在馆 |